[Event "Roncana op-C 9th"]
[Site "Santa Eulalia de Roncana"]
[Date "2015.11.21"]
[Round "7"]
[White "Funes Ostos, Aitor"]
[Black "Sanudo Uhlig, Tomeu Noa"]
[Result "1/2-1/2"]
[WhiteElo "1790"]
[BlackElo "1763"]
[PlyCount "107"]
[EventDate "2015.10.03"]
[EventType "swiss"]
[EventRounds "8"]
[EventCountry "ESP"]
[SourceTitle "EXT 2017"]
[Source "ChessBase"]
[SourceDate "2016.10.25"]
[SourceVersion "1"]
[SourceVersionDate "2016.10.25"]
[SourceQuality "1"]

1. e4 e5 2. Nf3 Nc6 3. Bc4 Bc5 4. c3 Qe7 5. d3 Nf6 6. a4 a6 7. b4 Ba7 8. Ba3 d6 9. b5 Nb8 10. Nbd2 0-0 11. 0-0 Bg4 12. Qb3 axb5 13. axb5 Nbd7 14. Qb2 Bc5 15. Ra2 Bxa3 16. Rxa3 Rab8 17. h3 Be6 18. Ba2 Bxa2 19. Qxa2 c6 20. bxc6 bxc6 21. d4 d5 22. Re1 exd4 23. Nxd4 Qd6 24. N2f3 Nxe4 25. c4 Ndf6 26. cxd5 Qxd5 27. Qc2 c5 28. Ne2 Rbc8 29. Nc3 Nxc3 30. Rxc3 Rc7 31. Re5 Qd6 32. Rexc5 Rxc5 33. Rxc5 h6 34. Rc8 Rxc8 35. Qxc8+ Qf8 36. Qxf8+ Kxf8 37. Kh2 Ne4 38. Kg1 g6 39. Ne5 Kg7 40. f3 f6 41. Nxg6 Kxg6 42. fxe4 Kg5 43. g3 h5 44. Kf2 Kg6 45. Kf3 Kf7 46. g4 hxg4+ 47. hxg4 Ke7 48. Kf4 Ke6 49. Kf3 Ke5 50. Ke3 Ke6 51. Kf4 Kf7 52. g5 fxg5+ 53. Kxg5 Ke6 54. Kf4 1/2-1/2

[Event "Roncana op-C 9th"]
[Site "Santa Eulalia de Roncana"]
[Date "2015.11.14"]
[Round "6"]
[White "Sanudo Uhlig, Tomeu Noa"]
[Black "Puente Fernandez, Lucas"]
[Result "1-0"]
[WhiteElo "1763"]
[BlackElo "1738"]
[PlyCount "49"]
[EventDate "2015.10.03"]
[EventType "swiss"]
[EventRounds "8"]
[EventCountry "ESP"]
[SourceTitle "EXT 2017"]
[Source "ChessBase"]
[SourceDate "2016.10.25"]
[SourceVersion "1"]
[SourceVersionDate "2016.10.25"]
[SourceQuality "1"]

1. e4 e6 2. d4 d5 3. Nc3 Nf6 4. Bg5 Bb4 5. e5 h6 6. exf6 hxg5 7. fxg7 Rg8 8. Nf3 c5 9. a3 cxd4 10. Qxd4 Nc6 11. Bb5 Bd6 12. 0-0-0 a6 13. Bxc6+ bxc6 14. Na4 Rb8 15. Ne5 Qc7 16. Ng4 e5 17. Rhe1 c5 18. Nf6+ Kd8 19. Qxd5 Bb7 20. Qxd6+ Qxd6 21. Rxd6+ Ke7 22. Nxg8+ Kxd6 23. Nf6 Bxg2 24. g8Q Rxg8 25. Nxg8 1-0

[Event "Roncana op-C 9th"]
[Site "Santa Eulalia de Roncana"]
[Date "2015.11.07"]
[Round "5"]
[White "Casares Bonals, Asier"]
[Black "Sanudo Uhlig, Tomeu Noa"]
[Result "0-1"]
[WhiteElo "1729"]
[BlackElo "1763"]
[PlyCount "72"]
[EventDate "2015.10.03"]
[EventType "swiss"]
[EventRounds "8"]
[EventCountry "ESP"]
[SourceTitle "EXT 2017"]
[Source "ChessBase"]
[SourceDate "2016.10.25"]
[SourceVersion "1"]
[SourceVersionDate "2016.10.25"]
[SourceQuality "1"]

1. e4 e5 2. Nf3 Nc6 3. d4 exd4 4. Nxd4 Nf6 5. Nc3 Bb4 6. Nxc6 bxc6 7. f3 0-0 8. Bd2 d5 9. exd5 cxd5 10. Bd3 Re8+ 11. Ne2 Bc5 12. Bc3 c6 13. Qd2 Be3 14. Qd1 Qb6 15. Rf1 Bd7 16. Bd2 Bxd2+ 17. Qxd2 Qxb2 18. Qd1 Qc3+ 19. Kf2 Qc5+ 20. Ke1 Qd6 21. h3 Nh5 22. c3 Ng3 23. Rf2 Bf5 24. Bxf5 Nxf5 25. Qd3 Ng3 26. Rd1 Re6 27. c4 Qe7 28. Rd2 Re8 29. cxd5 cxd5 30. Kd1 Nxe2 31. Rfxe2 Rxe2 32. Rxe2 Qxe2+ 33. Qxe2 Rxe2 34. Kxe2 f6 35. Kd3 Kf7 36. Kd4 Ke6 0-1

[Event "Roncana op-C 9th"]
[Site "Santa Eulalia de Roncana"]
[Date "2015.10.03"]
[Round "1"]
[White "Ojea Pacheco, Matias"]
[Black "Sanudo Uhlig, Tomeu Noa"]
[Result "0-1"]
[WhiteElo "1689"]
[BlackElo "1763"]
[PlyCount "48"]
[EventDate "2015.10.03"]
[EventType "swiss"]
[EventRounds "8"]
[EventCountry "ESP"]
[SourceTitle "EXT 2017"]
[Source "ChessBase"]
[SourceDate "2016.10.25"]
[SourceVersion "1"]
[SourceVersionDate "2016.10.25"]
[SourceQuality "1"]

1. e4 e5 2. Nf3 Nc6 3. Nc3 Nf6 4. Bc4 Bc5 5. 0-0 d6 6. h3 0-0 7. d3 Nd4 8. Nxd4 Bxd4 9. Bg5 c6 10. Qd2 Re8 11. Rad1 Be6 12. Bxe6 Rxe6 13. b4 a6 14. a3 Qd7 15. Bxf6 Rxf6 16. Na4 b5 17. Nc3 Rg6 18. Rfe1 Qxh3 19. Kf1 Qxg2+ 20. Ke2 Qg4+ 21. Kf1 Qh3+ 22. Ke2 Qh5+ 23. f3 Qh2+ 24. Kf1 Rg1# 0-1